000 00576nam a2200157 i 4500
001 48806
003 ES-MaACL
005 20230906161826.0
007 t|
008 030912s1887 sp ||||1| spa d
110 1 _aMadrid (Provincia).
_bDiputación Provincial.
_9134671
245 1 0 _aReglamento para el servicio interior de sus oficinas formado en cumplimiento a lo dispuesto en el art. 104 de la ley Provincial.
260 _aMadrid :
_b[s.n.],
_c1887 (
_fEscuela Tipográfica del Hospicio)
300 _a56 p. ;
_c20 cm.
852 _aES-MaACL
_jL-4902(9-6)
_z.- Donativo Roda
999 _c48806
_d48806